Cryptography: theory and practice (Record no. 4385)
[ view plain ]
| 000 -LEADER | |
|---|---|
| fixed length control field | 00471 a2200169 4500 |
| 020 ## - INTERNATIONAL STANDARD BOOK NUMBER | |
| International Standard Book Number | 0849385210 |
| 040 ## - CATALOGING SOURCE | |
| Original cataloging agency | DLC |
| Language of cataloging | DLC |
| 082 00 - DEWEY DECIMAL CLASSIFICATION NUMBER | |
| Classification number | 005.82 |
| 100 1# - MAIN ENTRY--PERSONAL NAME | |
| Personal name | Stinson, Douglas R. |
| 245 10 - TITLE STATEMENT | |
| Title | Cryptography: theory and practice |
| Statement of responsibility, etc. | Douglas R. Stinson. |
| 260 ## - PUBLICATION, DISTRIBUTION, ETC. | |
| Place of publication, distribution, etc. | Boca Raton : |
| Name of publisher, distributor, etc. | CRC Press, |
| Date of publication, distribution, etc. | c1995. |
| 300 ## - PHYSICAL DESCRIPTION | |
| Extent | 434 p. ; |
| Dimensions | 24 cm. |
| 440 #0 - SERIES STATEMENT/ADDED ENTRY--TITLE | |
| Title | Discrete mathematics and its applications |
| 650 #0 - SUBJECT ADDED ENTRY--TOPICAL TERM | |
| Topical term or geographic name entry element | Coding theory. |
| 650 #0 - SUBJECT ADDED ENTRY--TOPICAL TERM | |
| Topical term or geographic name entry element | Cryptography. |
| 942 ## - ADDED ENTRY ELEMENTS (KOHA) | |
| Koha item type | Book |
| Call number prefix | 005.82 STI |
| Source of classification or shelving scheme | |
| Withdrawn status | Lost status | Damaged status | Not for loan | Collection code | Permanent Location | Current Location | Shelving location | Date acquired | Source of acquisition | Cost, normal purchase price | Total Checkouts | Full call number | Barcode | Date last seen | Date last checked out | Price effective from | Koha item type | Total Renewals |
|---|---|---|---|---|---|---|---|---|---|---|---|---|---|---|---|---|---|---|
| Central Library (CL) | Central Library (CL) | First Floor - Artificial Intelligence/Data Mining | 10/27/2003 | Allied Book Company | 1684.86 | 1 | 005.82 STI | SEECS003899 | 09/30/2024 | 09/15/2024 | 01/05/2017 | Book | ||||||
| Central Library (CL) | Central Library (CL) | First Floor - Artificial Intelligence/Data Mining | 11/25/2006 | Academic Book Company | 1581.64 | 005.82 STI | SEECS007808 | 02/20/2020 | 01/05/2017 | Book | ||||||||
| Central Library (CL) | Central Library (CL) | First Floor - Artificial Intelligence/Data Mining | 11/16/2005 | Allied Book Company | 851.44 | 2 | 005.82 STI | SEECS006677 | 10/09/2024 | 05/08/2024 | 01/05/2017 | Book | 1 | |||||
| Central Library (CL) | Central Library (CL) | First Floor - Artificial Intelligence/Data Mining | 11/25/2006 | Academic Book Company | 1581.64 | 005.82 STI | SEECS007807 | 04/18/2026 | 01/05/2017 | Book | 2 |
